000 00527nam a2200169Ia 4500
008 100917s9999 xx 000 0 und d
082 _b3674
100 _aभिडे भि. गो.
245 _aगिरणीकामगाराचा विजय
260 _b---
365 _b2
520 _aकादंबरी
630 _aगिरणीकामगाराचा विजय
650 _aकादंबरी
730 _aगिरणीकामगाराचा विजय
942 _cBOOK
999 _c609068
_d609065